000 00660nam a22001937a 4500
005 20240319150724.0
010 _aENG-139767
020 _a9789354420344
_c760.00
035 _aEN-123299
037 _bDBAD/PUB
082 _a791.43
_21
245 _aTollygunge to Tollywood:
_cBy Anugyan Nag and Spandan Bhattacharya
_bThe Bengali Film Industry Reimagined/
250 _a1
260 _aHyderabad
_bOrient Blackswan Private Ltd
_c2021
270 _a3-6-752, Himayatnagar
_bHyderabad
_e500029
_minfo@orintblackswan.com
300 _a214p.
_c22cm(pbk)
700 _aBhattacharya, Spandan
_eAuthor
_963571
942 _2ddc
_cEN
_h791.43
_mNAG
_e1
999 _c201595
_d201595